A colour atlas of AIDS (acquired immunodeficiency syndrome) / (Record no. 3503)
[ view plain ]
| 000 -LEADER | |
|---|---|
| fixed length control field | 00680pam a2200193 a 4500 |
| 008 - FIXED-LENGTH DATA ELEMENTS--GENERAL INFORMATION | |
| fixed length control field | 860625s1986 enka 001 0 eng c |
| 020 ## - INTERNATIONAL STANDARD BOOK NUMBER | |
| ISBN | 0815132123 |
| 100 ## - MAIN ENTRY--AUTHOR | |
| Author | Farthing F. Charles |
| 245 02 - TITLE STATEMENT | |
| Title | A colour atlas of AIDS (acquired immunodeficiency syndrome) / |
| Statement of responsibility, etc | Charles F. Farthing ... [et al.]. |
| 260 ## - PUBLICATION, DISTRIBUTION, ETC. (IMPRINT) | |
| Place of publication | London : |
| Name of publisher | Wolfe Medical Publications ; |
| Place of publication | Chicago : |
| Name of publisher | Year Book Medical Publishers, |
| Date of publication | 1986. |
| 300 ## - COLLATION | |
| Pagination | 80p. |
| Other physical details | ill. (some col.) ; |
| 500 ## - GENERAL NOTE | |
| General note | Includes index. |
| 650 #0 - TRACINGS | |
| Main Subject | AIDS (Disease) |
| Subdivision (2nd) | Atlases. |
| 650 #2 - TRACINGS | |
| Main Subject | Acquired Immunodeficiency Syndrome |
| Subdivision (2nd) | atlases. |
| 700 1# - ADDITIONAL AUTHOR | |
| Additional Author | Farthing, Charles F. |
| 942 ## - ADDED ENTRY ELEMENTS (KOHA) | |
| Item type | Books |
| 050 00 - LIBRARY OF CONGRESS CALL NUMBER | |
| Classification number | RC607.A26 |
| Item number | .C65 1986 |
| 082 00 - DEWEY DECIMAL CLASSIFICATION NUMBER | |
| Classification number | 616.9/792 |
| Source of classification or shelving scheme | Not for loan | Permanent location | Current location | Date acquired | Accession No. | Full call number | Barcode. | Koha item type |
|---|---|---|---|---|---|---|---|---|
| Library of Congress Classification | Samuel Ogbemudia Main Library, University of Abuja | Samuel Ogbemudia Main Library, University of Abuja | 05/14/2025 | 2025/64470 | RC607.A26.C65 | 2025-1972 | Books |